000 00418nam a2200157Ia 4500
008 260417s2024 xx 000 0 und d
041 _aeng
082 _aRA975.15/YAD
_bDI-1128
100 _aDR.A.V.YADAV
245 _aHOSPITAL AND CLINICAL PHARMACY
250 _a3RD ed
260 _aPUNE
_b2024
_bNIRALI PRAKASHAN
300 _aP.B/13.16p
650 _aHOSPITAL AND CLINICAL PHARMACY
700 _aDR.B.V. YADAV
999 _c1220439
_d1220439